Các văn bản pháp luật về lao động của nước Cộng hòa xã hội chủ nghĩa Việt Nam = The legal document of social republic of Vietnam in relation to employment

Đã lưu trong:
书目详细资料
格式: 图书
语言:Undetermined
出版: Hà Nội Thống Kê
主题:
标签: 添加标签
没有标签, 成为第一个标记此记录!
Thư viện lưu trữ: Trung tâm Học liệu Trường Đại học Cần Thơ
LEADER 00639nam a2200181Ia 4500
001 CTU_108476
008 210402s9999 xx 000 0 und d
020 |c 87000 
082 |a 344.59701 
082 |b C101 
245 0 |a Các văn bản pháp luật về lao động của nước Cộng hòa xã hội chủ nghĩa Việt Nam = 
245 4 |b The legal document of social republic of Vietnam in relation to employment 
260 |a Hà Nội 
260 |b Thống Kê 
650 |a Labor laws and legislation 
650 |z Vietnam 
904 |i Giang 
980 |a Trung tâm Học liệu Trường Đại học Cần Thơ